[Event "Morbihan-ch 1112"]
[Site "Morbihan"]
[Date "2012.03.31"]
[Round "7.1"]
[White "Duplessy, Franck"]
[Black "Le Garrec, Maxime"]
[Result "1-0"]
[WhiteElo "2073"]
[BlackElo "1632"]
[PlyCount "63"]
[EventDate "2011.10.08"]
[EventType "swiss"]
[EventRounds "7"]
[EventCountry "FRA"]
[SourceTitle "EXT 2014"]
[Source "ChessBase"]
[SourceDate "2013.11.20"]
[SourceVersion "1"]
[SourceVersionDate "2013.11.20"]
[SourceQuality "1"]

1. e4 c5 2. Nf3 e6 3. d4 cxd4 4. Nxd4 a6 5. Be3 b5 6. a4 Qa5+ 7. c3 b4 8. Nb3 Qe5 9. Bd3 bxc3 10. bxc3 Nc6 11. f4 Qc7 12. a5 Rb8 13. 0-0 d6 14. N1d2 Be7 15. Nc4 Rb7 16. Bb6 Qb8 17. Qf3 Bd7 18. Nd4 Qc8 19. Na3 Nb8 20. Rfc1 Nf6 21. Qe2 Bc6 22. Nc4 Nfd7 23. Rab1 d5 24. Nd2 Nc5 25. Bxc5 Bxc5 26. Bxa6 Rxb1 27. Bxc8 Rxc1+ 28. Kf2 Rxc3 29. N2f3 0-0 30. Qb2 Rxc8 31. Qxc3 Na6 32. Kg3 1-0

[Event "Morbihan-ch 0910"]
[Site "Morbihan"]
[Date "2010.01.16"]
[Round "3.7"]
[White "Bremond, Edouard"]
[Black "Le Garrec, Maxime"]
[Result "1-0"]
[WhiteElo "1685"]
[BlackElo "1687"]
[PlyCount "65"]
[EventDate "2009.10.10"]
[EventType "swiss"]
[EventRounds "7"]
[EventCountry "FRA"]
[SourceTitle "EXT 2014"]
[Source "ChessBase"]
[SourceDate "2013.11.20"]
[SourceVersion "1"]
[SourceVersionDate "2013.11.20"]
[SourceQuality "1"]

1. e4 d6 2. d4 Nf6 3. Nc3 g6 4. Nf3 Bg7 5. Be2 Nbd7 6. 0-0 0-0 7. Re1 c5 8. e5 dxe5 9. dxe5 Ng4 10. e6 Nb6 11. exf7+ Kxf7 12. Ng5+ Kg8 13. Bxg4 Bd4 14. Be3 e5 15. Be6+ Kh8 16. Nf7+ Rxf7 17. Bxf7 Qf6 18. Bd5 Rb8 19. Bf3 Bf5 20. Bxd4 cxd4 21. Nd5 Nxd5 22. Bxd5 Rc8 23. Be4 b6 24. Bxf5 gxf5 25. Qe2 e4 26. Rad1 Rd8 27. Qc4 Qg7 28. Qe6 Rg8 29. g3 Rf8 30. Qd5 d3 31. cxd3 Qxb2 32. dxe4 Qxf2+ 33. Kxf2 1-0

[Event "Fouesnant op 14th"]
[Site "Fouesnant"]
[Date "2008.10.26"]
[Round "3"]
[White "Le Garrec, Maxime"]
[Black "Roche, Yves"]
[Result "0-1"]
[WhiteElo "1790"]
[BlackElo "2034"]
[PlyCount "78"]
[EventDate "2008.10.25"]
[EventType "swiss"]
[EventRounds "9"]
[EventCountry "FRA"]
[SourceTitle "EXT 2009"]
[Source "ChessBase"]
[SourceDate "2008.11.26"]
[SourceVersion "1"]
[SourceVersionDate "2008.11.26"]
[SourceQuality "1"]

1. e4 c5 2. Nf3 d6 3. Bb5+ Bd7 4. Bxd7+ Qxd7 5. 0-0 e6 6. d4 cxd4 7. Nxd4 Nc6 8. Re1 Nxd4 9. Qxd4 Ne7 10. c3 Nc6 11. Qa4 Be7 12. Nd2 0-0 13. Nf3 Rfd8 14. Qc2 Rac8 15. a3 d5 16. exd5 Qxd5 17. Be3 Qd3 18. Qb3 b5 19. Rad1 Qc4 20. Qc2 e5 21. b3 Qg4 22. h3 Qg6 23. Qxg6 hxg6 24. Bc1 f5 25. a4 bxa4 26. bxa4 Bf6 27. Bg5 e4 28. Bxf6 gxf6 29. Nd4 Ne5 30. Ne2 Nd3 31. Rf1 f4 32. Rb1 Rb8 33. Nd4 Rxb1 34. Rxb1 Rc8 35. Rb3 f5 36. Ne6 e3 37. fxe3 fxe3 38. Kf1 e2+ 39. Kxe2 Nc1+ 0-1

[Event "Angers op 2nd"]
[Site "Angers"]
[Date "2007.04.15"]
[Round "5.29"]
[White "Le Garrec, Maxime"]
[Black "Bremond, Edouard"]
[Result "0-1"]
[WhiteElo "1720"]
[BlackElo "1650"]
[PlyCount "58"]
[EventDate "2007.04.13"]
[EventType "swiss"]
[EventRounds "6"]
[EventCountry "FRA"]
[SourceTitle "CBM 117 Extra"]
[Source "ChessBase"]
[SourceDate "2007.05.09"]
[SourceVersion "1"]
[SourceVersionDate "2007.05.09"]
[SourceQuality "1"]

1. e4 e6 2. d4 d5 3. Nd2 c5 4. c3 Nc6 5. Ngf3 Qb6 6. exd5 exd5 7. Qe2+ Be7 8. Qb5 Qxb5 9. Bxb5 Bd7 10. dxc5 Bxc5 11. Nb3 Bb6 12. Nbd4 Nf6 13. 0-0 0-0 14. Re1 Rfe8 15. Bf4 Rad8 16. Nxc6 bxc6 17. Ba6 Rxe1+ 18. Rxe1 Re8 19. Kf1 Ne4 20. Be3 Bc8 21. Bxc8 Rxc8 22. Nd4 c5 23. Nf5 Re8 24. f3 Nf6 25. Nd6 Re6 26. Bf4 Bc7 27. Rxe6 fxe6 28. Be5 Ne8 29. Nc4 dxc4 0-1

[Event "Fouesnant op 12th"]
[Site "Fouesnant"]
[Date "2006.10.30"]
[Round "4"]
[White "Le Garrec, Maxime"]
[Black "Le Guichaoua, Roger"]
[Result "1/2-1/2"]
[WhiteElo "1610"]
[BlackElo "1780"]
[PlyCount "32"]
[EventDate "2006.10.28"]
[EventType "swiss"]
[EventRounds "9"]
[EventCountry "FRA"]
[SourceTitle "EXT 2008"]
[Source "ChessBase"]
[SourceDate "2007.11.25"]
[SourceVersion "1"]
[SourceVersionDate "2007.11.25"]
[SourceQuality "1"]

1. e4 e6 2. d4 d5 3. Nd2 Nf6 4. e5 Nfd7 5. c3 b6 6. Bd3 Ba6 7. Bxa6 Nxa6 8. Ne2 Be7 9. Nf3 0-0 10. 0-0 c5 11. Be3 Nc7 12. Qd2 f6 13. exf6 Bxf6 14. Bg5 Bxg5 15. Qxg5 Qxg5 16. Nxg5 h6 1/2-1/2

[Event "Morbihan-ch 0405"]
[Site "Arradon"]
[Date "2005.01.09"]
[Round "4"]
[White "Girod, Bernard"]
[Black "Le Garrec, Maxime"]
[Result "0-1"]
[WhiteElo "1540"]
[BlackElo "1630"]
[PlyCount "52"]
[EventDate "2004.10.10"]
[EventType "swiss"]
[EventRounds "7"]
[EventCountry "FRA"]
[SourceTitle "EXT 2007"]
[Source "ChessBase"]
[SourceDate "2006.11.23"]
[SourceVersion "1"]
[SourceVersionDate "2006.11.23"]
[SourceQuality "1"]

1. e4 d6 2. d4 g6 3. Nf3 Bg7 4. Be2 Nf6 5. Nc3 c6 6. 0-0 0-0 7. Bg5 h6 8. Bf4 Nh5 9. Be3 e5 10. d5 Nf4 11. Bxf4 exf4 12. Qd2 g5 13. Rfd1 c5 14. h3 Nd7 15. Rab1 Ne5 16. b3 a6 17. Na4 b5 18. Nb2 f5 19. exf5 Bxf5 20. Nd3 Ng6 21. Nde1 b4 22. Bd3 Bc3 23. Qc1 Qd7 24. Bxf5 Qxf5 25. Rd3 Rfe8 26. Kh2 Re2 0-1

[Event "Morbihan-ch 0304"]
[Site "Morbihan"]
[Date "2004.03.27"]
[Round "6"]
[White "Le Garrec, Maxime"]
[Black "Hysiqi, Rezak"]
[Result "1-0"]
[WhiteElo "1540"]
[BlackElo "1499"]
[PlyCount "79"]
[EventDate "2003.10.??"]
[EventType "swiss"]
[EventRounds "7"]
[EventCountry "FRA"]
[SourceTitle "EXT 2005"]
[Source "ChessBase"]
[SourceDate "2004.11.15"]
[SourceVersion "1"]
[SourceVersionDate "2004.11.15"]
[SourceQuality "1"]

1. e4 e5 2. Nf3 d6 3. d4 exd4 4. Qxd4 a6 5. Bc4 Nc6 6. Qd1 Bg4 7. Be2 Qe7 8. Nc3 Nf6 9. Bg5 h6 10. Nd5 Qd8 11. Bxf6 gxf6 12. Nh4 Bxe2 13. Qxe2 Bg7 14. Nf5 Rg8 15. Qg4 Ne5 16. Qh4 c6 17. Nxg7+ Rxg7 18. Nxf6+ Kf8 19. Qxh6 Qa5+ 20. c3 Ng6 21. Nd7+ Kg8 22. Nf6+ Kf8 23. Nh5 Qe5 24. Qxg7+ Qxg7 25. Nxg7 Kxg7 26. 0-0-0 Rd8 27. g3 Ne5 28. f4 Ng4 29. Rd2 Kf8 30. Rhd1 Ke7 31. h4 b5 32. h5 Nf6 33. e5 Nxh5 34. exd6+ Kd7 35. Re1 f6 36. Re7+ Kc8 37. Rd3 Kb8 38. Rh7 Nxg3 39. Rxg3 Rxd6 40. Rg8+ 1-0

[Event "Morbihan-ch 0304"]
[Site "Morbihan"]
[Date "2003.10.23"]
[Round "1"]
[White "Hocher, Eugene"]
[Black "Le Garrec, Maxime"]
[Result "1-0"]
[WhiteElo "1880"]
[BlackElo "1590"]
[PlyCount "55"]
[EventDate "2003.10.??"]
[EventType "swiss"]
[EventRounds "7"]
[EventCountry "FRA"]
[SourceTitle "EXT 2005"]
[Source "ChessBase"]
[SourceDate "2004.11.15"]
[SourceVersion "1"]
[SourceVersionDate "2004.11.15"]
[SourceQuality "1"]

1. d4 b5 2. e4 Bb7 3. Bd3 Nf6 4. f3 a6 5. Be3 e6 6. Nd2 Bb4 7. c3 Ba5 8. Bg5 h6 9. Bh4 g5 10. Bf2 d6 11. Qe2 Nh5 12. Nh3 Nd7 13. Be3 Qe7 14. Qf2 Rf8 15. 0-0 f5 16. exf5 exf5 17. Rfe1 0-0-0 18. Bxg5 Qxe1+ 19. Rxe1 hxg5 20. Nxg5 Nf4 21. Bc2 Bb6 22. g3 Nd3 23. Bxd3 Ne5 24. Bc2 Rde8 25. Kf1 Rg8 26. f4 Ng4 27. Rxe8+ Rxe8 28. Bxf5+ 1-0

[Event "Finistere-chT 0001"]
[Site "Finistere"]
[Date "2001.04.21"]
[Round "7.12"]
[White "Lamour, Pierre"]
[Black "Le Garrec, Maxime"]
[Result "1-0"]
[WhiteElo "1140"]
[BlackElo "1590"]
[PlyCount "49"]
[EventDate "2000.??.??"]
[EventType "team-tourn"]
[EventRounds "7"]
[EventCountry "FRA"]
[SourceTitle "EXT 2003"]
[Source "ChessBase"]
[SourceDate "2002.11.25"]
[SourceVersion "1"]
[SourceVersionDate "2002.11.25"]
[SourceQuality "1"]

1. e4 d6 2. d4 Nf6 3. Nc3 g6 4. Nf3 Bg7 5. d5 0-0 6. Bd3 c6 7. 0-0 cxd5 8. Nxd5 Nxd5 9. exd5 Nd7 10. c3 Nf6 11. Bc4 Qc7 12. Bb3 Bf5 13. Be3 Qa5 14. Qd2 Ne4 15. Qe2 Nc5 16. Bxc5 Qxc5 17. Qxe7 Rfe8 18. Qxb7 Bd3 19. Rfe1 Rad8 20. Qc6 Qxc6 21. dxc6 Kf8 22. Rxe8+ Rxe8 23. Re1 Rc8 24. Ng5 Rc7 25. Nxh7+ 1-0